00409pab a2200145 454500008004000000245004100040260000900081300001200090362001800102650003100120650003700151650003600188650002800224773001100252180718b1996 xxu||||| |||| 00| 0 eng d aSPECIAL issue on emergency revisited c1996 ap.1-178 aAnnual Number aConstitutional law - India aWar and emergency powers - India aIndia - Politics and government aPolitics and government aJanata